| 000 | 01101nam a2200277 i 4500 | ||
|---|---|---|---|
| 001 | bg | ||
| 003 | KOSZ 005 | ||
| 005 | 20191018140640.0 | ||
| 008 | 080923s1955 pl a f 001 0 pol | ||
| 015 | _aPB 1955/4667 | ||
| 040 |
_aWA N _cKOSZ 005/RW _dKOSZ 005/RW |
||
| 080 | _a536:621 | ||
| 100 | 1 |
_aOchęduszko, Stanisław _d(1899-1969). _eAutor |
|
| 245 | 1 | 0 |
_aTeoria maszyn cieplnych. _nCz. 3 / _cStanisław Ochęduszko. |
| 260 |
_aWarszawa : _bPaństwowe Wydawnictwa Techniczne, _c1955. |
||
| 300 |
_a368 s. : _bil. ; _c25 cm. |
||
| 380 | _aKsiążki. | ||
| 504 | _aBibliogr. s. [350]. Indeks. | ||
| 521 | _aDla inżynierów i techników energetyków; może stanowić rozszerzony podręcznik dla studentów wyższ. o kierunku mechanicz. i energetycz. | ||
| 650 | 4 |
_aMaszyny cieplne _xteoria. |
|
| 655 | 4 | _aPodręczniki akademickie | |
| 650 | 4 | _aTermodynamika techniczna | |
| 710 | 2 |
_aPaństwowe Wydawnictwa Techniczne _4pbl. |
|
| 856 |
_uhttp://koha.tu.koszalin.pl/cgi-bin/koha/opac-detail.pl?biblionumber=10678 _yKatalog online BPK |
||
| 942 |
_2UKD _cKS |
||
| 999 |
_c10678 _d10678 |
||